Imaginarios de los jóvenes escolares ante la clase de educación física : informe de investigación /

El presente documento es el resultado de una ambiciosa investigación en el territorio colombiano respecto al imaginario del jóven como expresion de su sentido y proyección social, realizado por un grupo interdisciplinario denominado Grupo Colombiano de Motricidad Humana y Mundos Simbólicos. Con el o...

Täydet tiedot

Tallennettuna:
Bibliografiset tiedot
Muut tekijät: Murcia Peña, Napoleón (texto) (texto)
Aineistotyyppi: Kirja
Kieli:espanja
Julkaistu: Armenia, Colombia : Kinesis, 2005, c2005
Aiheet:
Tagit: Lisää tagi
Ei tageja, Lisää ensimmäinen tagi!

MARC

LEADER 00000nam^a2200000^a^4500
001 000181601
005 20250521000000.0
009 20260310101939.254
020 |a 958-94-0189-9 
037 |a Acervo ITESO - Biblioteca 
041 |a ESP 
082 |a 305. 2350983  |b IMA 
245 1 0 |a Imaginarios de los jóvenes escolares ante la clase de educación física :  |b informe de investigación /  |c Grupo Colombiano de Motricidad Humana y Mundos Simbólicos ; texto de Napoleón Murcia Peña... {et al.]. 
264 4 |a Armenia, Colombia :  |b Kinesis,  |c 2005, c2005 
300 |a 274 p. 
336 |a texto  |b txt  |2 rdacontenido 
337 |a sin mediación  |b n  |2 rdamedio 
338 |a volumen  |b nc  |2 rdasoporte 
520 |a El presente documento es el resultado de una ambiciosa investigación en el territorio colombiano respecto al imaginario del jóven como expresion de su sentido y proyección social, realizado por un grupo interdisciplinario denominado Grupo Colombiano de Motricidad Humana y Mundos Simbólicos. Con el objeto de comprender mejor las realidades sociales acutales que se viven en la escuela y los comportamientos que los y las jóvenes asumen a diario, se eligió la clase de educación física por ser un espacio propicio para la interacción social de manera más libre y espontánea por parte de los estudiantes. 
649 |a XX 
650 |a Adolescentes Colombianos -  |x Condiciones Sociales y Culturales 
650 |a Adolescentes Colombianos -  |x Condiciones Psicológicas 
650 |a Alumnos -  |z Colombia -  |x Condiciones Sociales y Culturales 
650 |a Alumnos -  |z Colombia -  |x Condiciones Sociales y Culturales 
650 |a Grupos Sociales -  |z Colombia -  |x Condiciones Sociales y Culturales 
650 |a Grupos Sociales -  |z Colombia -  |x Condiciones Psicológicas 
650 |a Identidad Personal -  |z Colombia 
650 |a Identidad Cultural -  |z Colombia 
650 |a Socialización -  |z Colombia 
650 |a Educación Física -  |z Colombia -  |x Aspectos Sociales y Culturales 
650 |a Deportes -  |z Colombia -  |x Aspectos Sociales y Culturales 
650 |a Comportamiento del Alumno -  |z Colombia -  |x Aspectos Sociales y Culturales 
650 |a Comportamiento de la Clase -  |z Colombia -  |x Aspectos Sociales y Culturales 
650 |a Interacción Comunicativa -  |z Colombia -  |x Aspectos Sociales y Culturales 
650 |a Interacción en la Educación -  |z Colombia -  |x Aspectos Sociales y Culturales 
650 |a Objetivo Educativo -  |z Colombia 
650 |a Axiología de la Educación -  |z Colombia 
650 |a Imaginario Social -  |z Colombia 
650 |a Cambios Sociales y Culturales -  |z Colombia 
650 |a Modernidad y Posmodernidad 
650 |a Etnografía 
650 |a Metodología Cualitativa 
650 |a Investigación Educativa 
650 |a Investigación 
650 |a Ciencias Sociales -  |z Colombia -  |x Investigación 
650 |a Sociología de la Educación 
650 |a Sociología de la Cultura 
700 |a Murcia Peña, Napoleón  |e (texto) 
910 |a Fondo General 
920 |a Impresos - Libros 
930 |a Colección General 
905 |a 101 
901 |a 0500121503  |b IT1  |c ACC  |u 20250521 
902 |a https://opac.biblio.iteso.mx/vufind/Record/000181601